[Event "Moravia-ch3 corr9496"]
[Site "Czech Republic"]
[Date "1994.??.??"]
[Round "?"]
[White "Jurinek, Libor"]
[Black "Bradac, Roman"]
[Result "1-0"]
[WhiteElo "2100"]
[BlackElo "2100"]
[PlyCount "35"]
[EventDate "1994.??.??"]
[EventType "tourn (corr)"]
[EventRounds "12"]
[EventCountry "CZE"]
[SourceTitle "Corr 2002"]
[Source "ChessBase"]
[SourceDate "2002.05.23"]
[SourceVersion "1"]
[SourceVersionDate "2002.05.23"]
[SourceQuality "1"]

1. d4 Nf6 2. c4 g6 3. g3 Bg7 4. Bg2 d6 5. Nf3 0-0 6. 0-0 Nbd7 7. Nc3 c6 8. e4 e5 9. h3 Re8 10. b4 Qc7 11. Re1 Nb6 12. Be3 Bd7 13. c5 dxc5 14. dxe5 Nh5 15. Bxc5 Bxe5 16. Nxe5 Qxe5 17. Bxb6 axb6 18. Qxd7 1-0

[Event "Moravia-ch3 corr9496"]
[Site "Czech Republic"]
[Date "1994.??.??"]
[Round "?"]
[White "Jurinek, Libor"]
[Black "Mejzlik, Zdenek"]
[Result "1/2-1/2"]
[WhiteElo "2100"]
[BlackElo "2100"]
[PlyCount "105"]
[EventDate "1994.??.??"]
[EventType "tourn (corr)"]
[EventRounds "12"]
[EventCountry "CZE"]
[SourceTitle "Corr 2002"]
[Source "ChessBase"]
[SourceDate "2002.05.23"]
[SourceVersion "1"]
[SourceVersionDate "2002.05.23"]
[SourceQuality "1"]

1. d4 d5 2. c4 e6 3. Nc3 c6 4. Nf3 dxc4 5. a4 Bb4 6. e3 b5 7. Bd2 a5 8. axb5 Bxc3 9. Bxc3 cxb5 10. b3 Bb7 11. bxc4 b4 12. Bb2 Nf6 13. Bd3 Be4 14. 0-0 0-0 15. Bxe4 Nxe4 16. Qc2 Nf6 17. e4 Nfd7 18. Rfb1 Qc7 19. Nd2 Rc8 20. Qb3 e5 21. Qe3 Nc6 22. d5 Nd8 23. f3 f6 24. Ra2 Nb7 25. Ba1 Nd6 26. Rc2 Qc5 27. Qxc5 Nxc5 28. Ra2 Kf7 29. Kf1 g5 30. Ke2 h5 31. Ke3 h4 32. Ke2 Rcb8 33. Rab2 Ke7 34. Kd1 Rb7 35. Kc2 Rab8 36. Nb3 Nxb3 37. Kxb3 a4+ 38. Kxa4 Ra8+ 39. Kb3 Ra3+ 40. Kc2 Nxc4 41. Rb3 Ne3+ 42. Kd3 Rxb3+ 43. Rxb3 Nxg2 44. Bc3 Nf4+ 45. Ke3 Ng2+ 46. Kd3 Nf4+ 47. Kc4 Rc7+ 48. Kxb4 Ne2 49. Ra3 Nxc3 50. Rxc3 Rb7+ 51. Kc5 Rc7+ 52. Kb4 Rb7+ 53. Kc5 1/2-1/2

[Event "Moravia-ch3 corr9496"]
[Site "Czech Republic"]
[Date "1994.??.??"]
[Round "?"]
[White "Nosek, Frantisek"]
[Black "Jurinek, Libor"]
[Result "1/2-1/2"]
[WhiteElo "2100"]
[BlackElo "2100"]
[PlyCount "70"]
[EventDate "1994.??.??"]
[EventType "tourn (corr)"]
[EventRounds "12"]
[EventCountry "CZE"]
[SourceTitle "Corr 2002"]
[Source "ChessBase"]
[SourceDate "2002.05.23"]
[SourceVersion "1"]
[SourceVersionDate "2002.05.23"]
[SourceQuality "1"]

1. e4 c6 2. d4 d5 3. Nc3 dxe4 4. Nxe4 Nd7 5. Bc4 Ngf6 6. Ng5 e6 7. Qe2 Nb6 8. Bb3 h6 9. N5f3 a5 10. c3 c5 11. a3 Qc7 12. Ne5 cxd4 13. cxd4 Bxa3 14. Bxh6 Bxb2 15. Qxb2 Rxh6 16. Ngf3 Nfd5 17. 0-0 Qd8 18. Rfc1 a4 19. Bxd5 exd5 20. Qb5+ Bd7 21. Nxd7 Qxd7 22. Qc5 Re6 23. Ng5 Rd6 24. Re1+ Kf8 25. Nf3 Rc8 26. Qa3 Kg8 27. Ne5 Qd8 28. h3 Re6 29. Qf3 Qe8 30. Qf5 a3 31. Re3 f6 32. Ng4 Rxe3 33. Nxe3 Qc6 34. Qg6 Qe8 35. Qf5 Qc6 1/2-1/2

[Event "Moravia-ch3 corr9496"]
[Site "Czech Republic"]
[Date "1994.??.??"]
[Round "?"]
[White "Rohac, Miloslav"]
[Black "Jurinek, Libor"]
[Result "1-0"]
[WhiteElo "2040"]
[BlackElo "2100"]
[PlyCount "95"]
[EventDate "1994.??.??"]
[EventType "tourn (corr)"]
[EventRounds "12"]
[EventCountry "CZE"]
[SourceTitle "Corr 2002"]
[Source "ChessBase"]
[SourceDate "2002.05.23"]
[SourceVersion "1"]
[SourceVersionDate "2002.05.23"]
[SourceQuality "1"]

1. d4 d5 2. c4 c6 3. Nf3 Nf6 4. Nc3 dxc4 5. a4 Bf5 6. Ne5 e6 7. f3 Bb4 8. e4 Bxe4 9. fxe4 Nxe4 10. Bd2 Qxd4 11. Nxe4 Qxe4+ 12. Qe2 Bxd2+ 13. Kxd2 Qd5+ 14. Kc2 Na6 15. Nxc4 0-0-0 16. Qe5 f6 17. Qe3 Kb8 18. Be2 e5 19. g3 Nb4+ 20. Kb3 c5 21. Rhd1 Qc6 22. Bf3 Qc7 23. Rxd8+ Rxd8 24. Rd1 Rxd1 25. Bxd1 g6 26. Bf3 a6 27. a5 Nc6 28. Bxc6 Qxc6 29. Kc3 Qb5 30. Qd3 Ka7 31. Qd5 Qb4+ 32. Kc2 Qa4+ 33. Kd2 Qb4+ 34. Ke2 h5 35. Qd6 Qb5 36. b3 Qxb3 37. Qxc5+ Kb8 38. Nb6 Qa2+ 39. Ke3 Qb3+ 40. Ke4 Qe6 41. Qf8+ Kc7 42. Qxf6 Qxf6 43. Nd5+ Kc6 44. Nxf6 Kb5 45. Nd7 Kxa5 46. Nxe5 b5 47. Nxg6 b4 48. Nf4 1-0